Moderné poňatie šperku

Bibliographic Details
Main Author: Fuchs, Juraj (Author)
Format: Article
Language:Slovak
Subjects:

MARC

LEADER 00000nab a2200000 a 4500
001 vtls000122068
003 SK-MaSNL
005 20260303032743.0
008 111104c1982 xo 0 slo
015 |a SNBRB19rr/mm-uuuuu 
035 |a CL0132173 
040 |a SNKBUCL  |b slo  |c SNKBUCL  |e AACR2 
041 0 |a slo 
044 |a xo  |c SK 
080 |a 739  |2 1981 
100 1 |a Fuchs, Juraj  |4 aut  |9 5052 
245 1 0 |a Moderné poňatie šperku  |c Juraj Fuchs 
600 1 7 |a Česla, Alexander  |d 1944-  |x výstavy  |x 1982  |2 snkbucl  |9 1015734 
610 2 7 |a Galéria Cypriána Majerníka (Bratislava, Slovensko)  |2 snkbucl  |9 32563 
651 7 |a 5100  |2 snkbucl  |9 166206 
655 7 |a články z novín a časopisov  |2 snkbucl  |9 267496 
773 0 |t Večerník  |g Roč. 27, č. 146 (27. 7. 1982), s. 5 
850 |a Slovenská národná knižnica v Martine  |a MTA001 
852 |a SNK  |b KIS3GCP 
958 |a RK 
992 |a RBX 
999 |c 1666567  |d 1668497